000 00668nam a2200229Ia 4500
008 160319s9999 xx 000 0 und d
020 _a9716300204
050 _aFil 634.9
050 _bB933f 1994
100 _aBulalacao, Lolita J.
245 2 _aA first look at Philippine trees /
245 _cby Lolita J. Bulalacao ; pictures by Crispin Dayao, Jr.
260 _aManila :
260 _bTahanan Books for Young Readers
260 _c1994
300 _a24 pages :
300 _bcolor, illustrations ;
300 _c21 cm.
440 _aA First look at ... series
650 _aTrees -- Philippines -- Identification.
700 _aDayao, Crispin.
999 _c292358
_d292358